[Event "IECG CN.2001.0.00233"]
[Site "IECG email"]
[Date "2001.02.01"]
[Round "?"]
[White "Zazen, Zen"]
[Black "Drozd, Olena"]
[Result "1-0"]
[WhiteElo "800"]
[BlackElo "800"]
[PlyCount "43"]
[EventDate "2001.02.01"]
[EventType "tourn (corr)"]
[EventRounds "6"]
[SourceTitle "Corr 2008"]
[Source "ChessBase"]
[SourceDate "2008.06.24"]
[SourceVersion "1"]
[SourceVersionDate "2008.06.24"]
[SourceQuality "1"]

1. e4 e5 2. Nf3 Nc6 3. Bc4 Nf6 4. Ng5 d5 5. exd5 Nxd5 6. Nxf7 Kxf7 7. Qf3+ Ke6 8. Nc3 Ncb4 9. Qe4 c6 10. d4 Kd7 11. dxe5 Kc7 12. Bd2 Nxc3 13. Bxc3 Nd5 14. Ba5+ b6 15. 0-0-0 Be6 16. Bd2 Be7 17. f4 Bg4 18. Rdf1 g6 19. h3 Bf5 20. Qf3 Rf8 21. g4 Be6 22. Qe4 1-0